[Event "Alushta"]
[Site "Alushta"]
[Date "1993.??.??"]
[Round "?"]
[White "Moskalenko, Viktor"]
[Black "Lazarev, Vladimir"]
[Result "0-1"]
[WhiteElo "2555"]
[BlackElo "2430"]
[Annotator "Ftacnik,L"]
[PlyCount "80"]
[EventDate "1993.??.??"]
[EventType "tourn"]
[EventRounds "9"]
[EventCountry "UKR"]
[EventCategory "10"]
[SourceTitle "CBM 036"]
[Source "ChessBase"]
[SourceDate "1993.10.01"]
[SourceVersion "1"]
[SourceVersionDate "1993.10.01"]
[SourceQuality "1"]

1. d4 d5 2. c4 dxc4 3. e4 Nf6 4. e5 Nd5 5. Bxc4 Nb6 6. Bb3 (6. e6 $2 Nxc4 7.
Qa4+ Nc6 8. exf7+ Kxf7 9. Qxc4+ Be6 $19) 6... Nc6 7. Be3 Bf5 8. Ne2 (8. e6 Bxe6
9. Bxe6 fxe6 10. Nf3 $13) 8... e6 9. O-O Nb4 (9... Na5 10. Ba4+ $5 (10. Bc2 $5
Bg6 11. Nbc3 Be7 12. Nf4 Nac4 13. Be4 O-O 14. Qc2 c5 $1 15. Rad1 Bxe4 16. Nxe4
Nxe3 17. fxe3 cxd4 $13 {Adianto,U-Anand,V/Kuala Lumpur/1989/}) 10... c6 11. Bc2
Bg6 12. Nbc3 Nac4 13. Qc1 $5 Be7 14. Bxg6 $5 hxg6 15. Ne4 $14 Rh4 16. N2g3 Qd5
17. Qc2 $1 O-O-O 18. Bg5 $1 Bxg5 $8 19. Nxg5 Rd7 20. Nf3 Rf4 21. Rad1 g5 22.
Qc1 $3 $16 {Karpov,An-Speelman,J/Bruxelles/1988/1-0 (41)}) 10. Nbc3 N4d5 (10...
Be7 11. Ng3 (11. Nf4 Qd7 12. Rc1 c6 13. Qf3 N4d5 14. Nh5 O-O 15. Ne4 Rae8 16.
Nhg3 Bg6 17. Qd1 Rd8 18. a3 Qc7 19. Qg4 Nxe3 20. fxe3 Nd5 21. Qe2 Rc8 22. Ba2
Rfd8 23. Kh1 Qb8 24. Nc5 $14 {Agrest,E-Zvjaginsev,V/RUS-ch Orel/1992/0.5 (29)})
11... Bg6 12. f4 N4d5 13. Qf3 c6 14. Rad1 O-O 15. Bc1 a5 16. f5 exf5 17. Nxf5
Nxc3 18. bxc3 a4 19. Bc2 Re8 20. Be4 Qd7 21. h4 Qe6 22. h5 Bxf5 23. Bxf5 Qxa2
24. h6 $40 {Rodriguez,JL-Devcic,M/Buenos Aires Najdorf op (10)/1993/1-0 (29)})
(10... c6 11. Nf4 h5 12. h3 h4 13. Qf3 Qd7 14. Rfd1 N6d5 $6 15. a3 $1 Nc2 16.
Rac1 $1 Nxc3 17. bxc3 Nxe3 18. fxe3 Bxa3 19. Ra1 $1 Be7 20. e4 $18 {Sokolov,
I-Campos Moreno,J/Sevilla/1987/1-0 (24)}) 11. Ng3 Bg6 12. Bxd5 $5 (12. Nce4
Nxe3 13. fxe3 Be7 $13) 12... Nxd5 13. Qb3 Nb6 14. a4 a5 15. Rfd1 (15. d5 $5
Nxd5 (15... Bd3 16. dxe6 Bc4 17. exf7+ Kxf7 18. Qc2 Bxf1 19. Qf5+ Ke8 20. Rxf1
$44) (15... exd5 16. Bxb6 cxb6 17. Qb5+ Qd7 18. Nxd5 $16) 16. Qxb7 Nxe3 17.
Qc6+ Ke7 18. fxe3 $16) 15... c6 $1 16. Nge4 Be7 17. d5 (17. Nc5 Rb8) 17... Nxd5
18. Qxb7 Qc8 19. Qxc8+ (19. Qb3 Rb8 20. Qc2 Nxe3 21. fxe3 O-O $15) (19. Nd6+
Bxd6 20. Qxc8+ Rxc8 21. exd6 Kd7 22. Bc5 Rb8 $15) 19... Rxc8 20. Rac1 (20. Bc5
$4 Nxc3 $19) 20... Rb8 21. Nxd5 $2 (21. Rd2 O-O 22. Bc5 Nxc3 23. bxc3 Bxe4 24.
Bxe7 Rfe8 $10) 21... cxd5 22. Nd6+ Kd7 23. Nc4 (23. Rd2 Bxd6 24. exd6 Rhc8 $17)
23... Bd8 24. f4 Bc7 25. Bc5 Rb3 26. Ba3 Rhb8 27. Nd6 Bb6+ 28. Bc5 (28. Kf1 Be3
$19) 28... Rxb2 29. Bxb6 R2xb6 30. Rc5 Rb1 31. Rxb1 Rxb1+ 32. Kf2 Rb4 33. Rxa5
Rxf4+ 34. Ke3 Rb4 35. Ra7+ Kc6 36. Nxf7 $2 (36. a5 d4+ 37. Kf4 Rb2 38. Kf3 d3
$17) 36... d4+ 37. Kf4 d3+ 38. Ke3 Re4+ 39. Kd2 (39. Kxd3 Rxa4+ $19) 39... Re2+
40. Kd1 Rxg2 0-1

[Event "Capablanca Memorial Elite 30th"]
[Site "Matanzas"]
[Date "1995.??.??"]
[Round "3"]
[White "Sorin, Ariel"]
[Black "Cifuentes Parada, Roberto"]
[Result "1-0"]
[WhiteElo "2505"]
[BlackElo "2535"]
[Annotator "Ftacnik,L"]
[PlyCount "95"]
[EventDate "1995.05.??"]
[EventType "tourn"]
[EventRounds "13"]
[EventCountry "CUB"]
[EventCategory "11"]
[SourceTitle "CBM 048"]
[Source "ChessBase"]
[SourceDate "1995.10.01"]
[SourceVersion "1"]
[SourceVersionDate "1995.10.01"]
[SourceQuality "1"]

1. d4 d5 2. c4 dxc4 3. e4 c5 4. d5 e6 5. Nc3 exd5 6. Nxd5 Ne7 7. Bxc4 Nxd5 8.
Bxd5 Be7 9. Nf3 O-O 10. O-O Qb6 11. Be3 Nc6 (11... Na6 $5 12. Ne5 Nc7 (12...
Qxb2 $4 13. Bxf7+ Rxf7 14. Qd5 $18) 13. Bb3 Qb4 $1 (13... Be6 14. Nd7 $16) 14.
Qc2 Be6 15. Nc4 $5 Qb5 (15... Bxc4 16. Bxc4 b5 17. Be2 Ne6 18. a3 Nd4 19. Bxd4
Qxd4 20. Bxb5 Rab8 21. a4 $16) 16. f4 f6 $6 (16... Qc6 17. Ne5 $14) 17. f5 Bf7
18. Rac1 b6 (18... Rad8 $5) 19. Qe2 $16 {Milov,V-Afek,Y/Budapest/1993/1-0 (28)}
) (11... Be6 $2 12. b4 $1 $16 Rd8 $6 (12... Bxd5 13. Qxd5 Qxb4 14. Rab1 Qa4 15.
Rxb7 Nc6 16. Ne5 Nxe5 17. Rxe7 $16) 13. Bxc5 (13. bxc5 $5 Bxc5 14. Bxc5 Qxc5
15. Bxb7 $1 $16) 13... Qc7 $5 14. Rc1 (14. Bxe7 Qxe7 15. Bxb7 Rxd1 16. Rfxd1
Bg4 $1 $132) 14... Bxd5 15. exd5 Na6 16. Qd4 Bf6 (16... b6 $5 17. Bxe7 Qxe7 18.
a3 Nc7 $16) 17. Qc4 Qd7 18. Rfe1 $1 Rac8 (18... Qxd5 $4 19. Re8+ $18) 19. d6
$16 {Yusupov,A-Ehlvest,J/Belfort/1988/0.5 (31)}) 12. Rc1 Qxb2 13. Bxc5 Bxc5 14.
Rxc5 Qb6 (14... Bg4 15. Qc1 $14) 15. Qc2 {[%csl Gc2,Gc5,Gd5] White has not too
many attacking targets, but his central pieces are extremely powerful.} Bd7 (
15... Nb4 $2 16. Bxf7+ $1 Kxf7 17. Qc4+ Ke7 (17... Be6 18. Ng5+ Kf6 19. Nxe6
$18) 18. Re5+ $18) 16. Rb1 Qc7 17. Ne5 $1 Rac8 (17... Qxe5 18. Bxc6 $16 (18.
Bxf7+ $6 Rxf7 19. Rxe5 Nxe5 20. Rxb7 $13)) 18. Qb2 Qd6 (18... Qxe5 $2 19. Bxf7+
Rxf7 20. Rxe5 $18) 19. Nxd7 Qxd7 20. Rbc1 (20. Qxb7 $2 Rb8 $1) 20... Rc7 21. e5
{[%cal Rf2f4] Black still holds, but white maximizes the pressure.} Rcc8 (21...
Re8 22. f4 $16) 22. f4 Ne7 23. Qxb7 Rxc5 24. Rxc5 $1 (24. Qxd7 Rxc1+ 25. Kf2
Nxd5 26. Qxd5 Rfc8 $132) 24... Qd8 (24... Qxb7 25. Bxb7 $18) 25. g3 Nxd5 26.
Rxd5 Qe8 27. Qd7 Qa8 (27... Qxd7 28. Rxd7 Ra8 29. Kf2 $18) (27... Qb8 28. Rb5
Qa8 29. Rb7 $18) 28. f5 Qb8 (28... Rb8 29. e6 $18) 29. Rb5 {[%csl Rb8]
Limiting the mobility of a black Q is a great achievement.} Qe8 30. Qxe8 Rxe8
31. Kf2 h5 32. Kf3 Rd8 33. Ra5 Rd7 34. Kf4 f6 (34... Kf8 35. Kg5 $18) 35. e6
Rc7 36. Ke4 Kf8 37. Kd5 Ke7 38. Ra6 Ke8 (38... Rb7 39. Kc6 $18) 39. Rc6 (39.
Kd6 Kd8 40. Rc6 Rb7 41. e7+ Rxe7 42. Rc8+ Kxc8 43. Kxe7 $18) 39... Rb7 40. Kd6
Rb8 41. a4 a5 42. Ra6 Rd8+ 43. Kc5 Rd2 (43... Rc8+ 44. Kb5 $18) 44. Rxa5 Rxh2
45. Ra8+ Ke7 46. Ra7+ Kf8 47. Rf7+ Ke8 (47... Kg8 48. a5 $18) 48. a5 (48. Rxg7
Rf2 49. a5 Rxf5+ 50. Kb6 $18) 1-0

[Event "Kecskemet Szechenyi"]
[Site "Kecskemet"]
[Date "1991.??.??"]
[Round "3"]
[White "Schroll, Gerhard"]
[Black "Krizsany, Laszlo"]
[Result "1-0"]
[WhiteElo "2370"]
[BlackElo "2445"]
[Annotator "Ftacnik,L"]
[PlyCount "55"]
[EventDate "1991.07.??"]
[EventType "tourn"]
[EventRounds "9"]
[EventCountry "HUN"]
[EventCategory "8"]
[SourceTitle "CBM 026"]
[Source "ChessBase"]
[SourceDate "1992.02.01"]
[SourceVersion "1"]
[SourceVersionDate "1992.02.01"]
[SourceQuality "1"]

1. d4 d5 2. c4 dxc4 3. e4 c5 4. Nf3 cxd4 5. Qxd4 Qxd4 6. Nxd4 Bd7 7. Bxc4 Nc6
8. Nxc6 Bxc6 9. Nc3 Rc8 $6 {N} (9... e6 10. Be3 Bb4 $1 11. f3 Nf6 12. Ke2 Bxc3
$6 (12... Ke7 $5 $10) 13. bxc3 O-O 14. Bd4 $14 {Tisdall,J-Shvidler,E/Haifa ETC/
1989/}) 10. Be3 a6 $6 (10... Nf6 11. f3 a6) (10... e6 11. Bxa7 Bxe4 12. Bb5+ (
12. Bxe6 Rxc3 $1) 12... Bc6 13. O-O $14) 11. Nd5 $1 e6 (11... Nf6 12. Nb6 Rd8
13. f3 Nd7 14. Rc1 $14) 12. Nb6 Rd8 13. f3 Bb4+ 14. Ke2 Ne7 15. a3 Bd6 (15...
Ba5 16. b4 Bxb6 17. Bxb6 Rd7 18. Rhd1 $16) 16. Rac1 Be5 (16... O-O 17. b4 $16)
17. b4 Nc8 (17... Bb2 18. Rb1 Bxa3 $2 19. Rb3 $18) 18. Bxa6 $1 Nxb6 (18... Bxe4
19. fxe4 bxa6 20. Nxc8 $18) 19. Bxb6 Ra8 20. b5 $1 Bxe4 $6 (20... Bd7 21. Bxb7
Bxb5+ 22. Kf2 Rb8 23. Bc6+ Bxc6 24. Rxc6 $16) 21. fxe4 bxa6 22. bxa6 O-O 23. a7
Bb2 24. Rc7 Bxa3 25. Rd1 $1 Bb2 26. Rdd7 Bf6 27. g3 Rac8 (27... g6 28. Bc5 $18)
28. e5 {Ftacnik,L} (28. e5 Bxe5 29. Rxc8 Rxc8 30. Rd8+ $18) 1-0

[Event "Brno Morava-A"]
[Site "Brno"]
[Date "1991.??.??"]
[Round "6"]
[White "Shirov, Alexei"]
[Black "Polgar, Zsuzsa"]
[Result "1-0"]
[WhiteElo "2610"]
[BlackElo "2535"]
[Annotator "Ftacnik,L"]
[PlyCount "65"]
[EventDate "1991.09.??"]
[EventType "tourn"]
[EventRounds "9"]
[EventCountry "CSR"]
[EventCategory "13"]
[SourceTitle "CBM 026"]
[Source "ChessBase"]
[SourceDate "1992.02.01"]
[SourceVersion "1"]
[SourceVersionDate "1992.02.01"]
[SourceQuality "1"]

1. d4 d5 2. c4 dxc4 3. e4 e5 4. Nf3 Bb4+ 5. Bd2 Bxd2+ 6. Nbxd2 exd4 7. Bxc4 Nc6
8. O-O Qf6 9. b4 $5 {N} a6 (9... Nge7 10. b5 Ne5 11. Nxe5 Qxe5 12. f4 Qd6 13.
Nb3 $14) 10. e5 Qg6 11. Nb3 Bg4 (11... Nge7 12. Nbxd4 O-O $14) 12. Bd3 Qh6 (
12... Qh5 13. Be4 Nge7 (13... Nxe5 14. Qe1 $1 Ne7 15. Nxe5 Qxe5 16. Bxb7 Qxe1
17. Rfxe1 Rb8 18. Nc5 $16) 14. h3 Bxf3 15. Bxf3 Qxe5 16. Bxc6+ bxc6 17. Re1 Qd6
18. Qe2 $16) 13. h3 Bxf3 14. Qxf3 Nge7 15. Qe4 Rd8 (15... O-O 16. a3 Qg6 17. f4
$36) (15... O-O-O 16. Nc5 Rd5 17. Qg4+ Kb8 18. Be4 $16) 16. a3 Qe6 $6 (16...
Qg6 17. Nc5 (17. f4 Qxe4 18. Bxe4 Kd7 $1 19. Nc5+ Kc8 $13) 17... Qxe4 18. Bxe4
b6 19. Nxa6 Nxe5 20. Nxc7+ Kd7 21. Nb5 f5 22. Bc2 $16) 17. Nc5 Qxe5 18. Nxb7
Qxe4 19. Bxe4 Rb8 20. Rfe1 $1 O-O (20... Kd7 21. Nc5+ Kd6 22. Nxa6 Rb6 23. Nc5
$16) 21. Nc5 Rfc8 (21... a5 22. Nd7 axb4 23. Nxb8 Rxb8 24. Bxc6 Nxc6 25. Rac1
$1 $16) 22. Rac1 Na7 23. Nxa6 Rb6 24. Nxc7 g6 25. Bd3 (25. Nd5 Nxd5 26. Rxc8+
Nxc8 27. Bxd5 Nd6 28. Rd1 Nb5 29. Rd3 $16) 25... Rc6 26. Rxc6 Naxc6 27. Nb5 Nd5
28. Rc1 Nf4 $6 29. Nxd4 Rd8 30. Nxc6 Rxd3 31. Ra1 Ne2+ 32. Kh2 Nc3 33. a4 {
Ftacnik,L} 1-0

[Event "Madrid"]
[Site "Madrid"]
[Date "1994.??.??"]
[Round "8"]
[White "Kamsky, Gata"]
[Black "Magem Badals, Jordi"]
[Result "1-0"]
[WhiteElo "2695"]
[BlackElo "2505"]
[Annotator "Ftacnik,L"]
[PlyCount "99"]
[EventDate "1994.05.??"]
[EventType "tourn"]
[EventRounds "9"]
[EventCountry "ESP"]
[EventCategory "15"]
[SourceTitle "CBM 041"]
[Source "ChessBase"]
[SourceDate "1994.08.01"]
[SourceVersion "1"]
[SourceVersionDate "1994.08.01"]
[SourceQuality "1"]

1. d4 d5 2. c4 dxc4 3. e4 Nf6 4. e5 Nd5 5. Bxc4 Nb6 6. Bb3 Bf5 (6... c5 7. dxc5
Qxd1+ 8. Kxd1 N6d7 9. e6 fxe6 10. Bxe6 Na6 11. Be3 $14) 7. Nc3 e6 8. Nge2 Nc6
9. a3 Be7 10. O-O Qd7 11. Ba2 (11. Be3 Rd8 (11... Na5 12. Ba2 Nac4 13. Qc1 O-O
14. Ng3 Bg6 15. Nce4 Nxe3 16. fxe3 Nd5 17. Qd2 b6 18. Rac1 Rac8 19. Rfd1 Rfd8
20. Qe2 c6 21. Bc4 a5 22. Bd3 Qa7 23. Nc3 Nxc3 24. Rxc3 c5 25. Rdc1 $15 {
Casafus,R-Tempone,M/Buenos Aires op (05)/1990/0.5 (51)}) (11... O-O 12. Ba2
Rfd8 13. h3 h6 14. Qc1 Bf8 15. Rd1 $2 Na5 $2 16. d5 exd5 17. Bxb6 $1 cxb6 18.
Nxd5 Qc8 19. Nd4 Nc6 20. Qf4 Nxd4 21. Rxd4 Bg6 22. Rad1 Kh8 23. b4 Qc6 24. Qd2
Rac8 25. Nf4 $16 {Epishin,V-Harlov,A/Moscow op/1992/1-0 (49)}) 12. Ba2 O-O (
12... f6 13. f4 h5 14. b4 h4 15. h3 Rh6 16. Kh2 Kf7 17. Qe1 Rg6 18. Qxh4 Rh6
19. Qg3 Rdh8 20. Rf3 Ke8 21. Qf2 Nd5 22. Rd1 Bg4 23. f5 Nxe3 24. fxe6 Bxe6 25.
Bxe6 $16 {Hort,V-Marjanovic,S/BL 8889/1988/1-0 (41)}) 13. b4 (13. f4 Na5 14.
Ng3 Nac4 15. Nxf5 exf5 16. Bf2 Nxb2 17. Qc2 N2c4 18. d5 Nxa3 19. Qd3 Bb4 {
Wegner,H-Schlosser,P/FRG-ch/1989/0.5 (20)}) 13... a6 $6 14. Qc1 $1 Rfe8 15. Rd1
Bf8 16. Ng3 Ne7 17. Bg5 Bg6 18. Nge4 Qc8 19. Nc5 h6 20. Bh4 Bh7 21. f3 Kh8 22.
Qb2 $1 g5 23. Bf2 Nbd5 24. N5e4 Bg7 25. Rac1 $14 {Romanishin,O-Hort,V/Biel/
1988/1-0 (46)}) 11... O-O-O 12. Be3 f6 13. exf6 Bxf6 14. Qe1 $5 Nxd4 (14...
Rhe8 15. Rd1 Nd5 $13) (14... e5 15. d5 Nd4 16. Rc1 $14) 15. Nxd4 Bxd4 16. Bxd4
Qxd4 17. Bxe6+ Bxe6 18. Qxe6+ Qd7 (18... Kb8 19. Rad1 Qf6 $13) 19. Qb3 a6 (
19... Rhe8 20. Rac1 Kb8 $13) 20. Rac1 Rhe8 21. Qc2 Qd3 $6 (21... g6 $13) 22.
Nd5 $1 Qxc2 23. Nxb6+ cxb6 24. Rxc2+ Kb8 25. f4 $16 b5 (25... Rd3 $142) 26. Rc3
$1 Rd4 27. Rh3 h6 28. b4 (28. Rg3 Re7 29. f5 b4 $132) 28... Rf8 29. f5 Rd6 30.
Re3 Rf7 (30... Rd5 31. Re7 Rdxf5 32. Rxf5 Rxf5 33. Rxg7 $16) 31. g4 Ka7 (31...
Rd4 32. h3 h5 33. g5 $16) (31... Kc7 32. Kg2 Kd7 33. Kg3 Re7 34. Rfe1 Rxe3+ 35.
Rxe3 $18) 32. Kg2 a5 33. Kg3 axb4 34. axb4 Rc7 35. Re6 $1 Rd3+ (35... Rxe6 36.
fxe6 Re7 37. Re1 Kb6 38. Kf4 $18) 36. Rf3 Rd4 (36... Rxf3+ 37. Kxf3 Rc4 38. Re7
$18) 37. Ra3+ Kb8 38. Re8+ Rc8 39. Ra8+ Kxa8 40. Rxc8+ Ka7 41. Rc7 $1 Rxb4 42.
Rxg7 Rb1 43. Re7 (43. Rh7 $2 b4 44. Rxh6 b3 $19) 43... b4 44. Re3 $1 b3 45. Kh4
Rh1 46. Rxb3 Rxh2+ 47. Rh3 Rf2 48. Kh5 Rf4 49. Rg3 b5 50. Kxh6 1-0

[Event "Balatonbereny GM"]
[Site "Balatonbereny"]
[Date "1995.??.??"]
[Round "9"]
[White "Romanishin, Oleg M"]
[Black "Gyimesi, Zoltan"]
[Result "1-0"]
[WhiteElo "2580"]
[BlackElo "2525"]
[Annotator "Ftacnik,L"]
[PlyCount "59"]
[EventDate "1995.08.??"]
[EventType "tourn"]
[EventRounds "11"]
[EventCountry "HUN"]
[EventCategory "11"]
[SourceTitle "CBM 050"]
[Source "ChessBase"]
[SourceDate "1996.02.01"]
[SourceVersion "1"]
[SourceVersionDate "1996.02.01"]
[SourceQuality "1"]

1. d4 d5 2. c4 dxc4 3. e4 c5 4. d5 e6 5. Nc3 exd5 6. Nxd5 Ne7 7. Bxc4 Nxd5 8.
Bxd5 Be7 9. Nf3 O-O 10. O-O Na6 11. Bf4 (11. Be3 Nc7 12. Bb3 Be6 13. Bxe6 Nxe6
14. Qa4 Qe8 15. Qc4 b5 16. Qc2 a6 17. Rad1 Rd8 18. Rd5 Qc6 19. Rfd1 Qc7 20. a4
{Peters,C-Nemeth,Z/Budapest Statisztika (04)/1991/0.5 (54)}) (11. h3 Nc7 12.
Bc4 b5 13. Be2 Bb7 14. Qc2 a6 15. Be3 Ne6 16. Rfd1 Qc7 17. a4 Bc6 18. axb5 axb5
19. Ne1 Qb7 20. f3 Qc7 21. Bf1 c4 22. Rxa8 Rxa8 23. b3 {Redzepagic,R-Bernard,R/
Gdynia Dreszer-mem (12) 1988/1-0 (82)}) (11. Qe2 Qb6 (11... Nc7 12. Bc4 (12.
Bf4 Nxd5 13. exd5 Bd6 $14) 12... Be6 13. Be3 Bxc4 14. Qxc4 b5 15. Qc2 Ne6 16.
Rad1 Qc7 17. Rd5 Rac8 18. Rfd1 Rfd8 19. g3 Rxd5 20. exd5 Nf8 21. Ng5 Bxg5 22.
Bxg5 h6 23. Bf4 {Vyzmanavin,A-Nemeth,Z/Biel op (03)/1990/0.5 (37)}) 12. Ne5 Nc7
13. Bf4 Qf6 14. Bg3 Nxd5 15. exd5 Bd6 16. Rfe1 Bf5 17. Qb5 $1 b6 18. Re3 a6 19.
Qe2 Rae8 20. Re1 b5 21. Nc6 $16 {Vyzmanavin,A-Ibragimov,I/St.Petersburg zt (03)
/1993/1-0 (33)}) 11... Nc7 (11... Qb6 12. Ne5 Be6 13. Nc4 Qd8 14. Qf3 Qc8 15.
Qg3 Rd8 16. Rad1 Nb4 17. Bd6 Qd7 18. Bc7 Rdc8 19. Be5 f6 20. Bd6 Bxd5 21. Bxe7
Qxe7 22. exd5 {Kumaran,D-Spangenberg,H/WchJM-U16/1991/0-1 (46)}) (11... Nb4 12.
Bc4 Be6 13. Bxe6 fxe6 14. Bd2 Nd3 15. Qb3 Qd7 16. Bc3 Rxf3 17. gxf3 b5 18. Rad1
c4 19. Qc2 Bd6 20. Kh1 Qf7 21. f4 Qxf4 22. f3 {Oll,L-Vaulin,A/St.Petersburg op/
1993/1-0 (43)}) 12. Bxc7 (12. Re1 Nxd5 13. exd5 Bd6 14. Bxd6 Qxd6 15. Ne5 b6
$10 {Milov,V-Afek,Y/Tel Aviv/1993/} (15... b5 16. a4 Bb7 17. axb5 Qxd5 18. Qxd5
Bxd5 19. Nd7 Rfc8 20. b6 axb6 21. Nxb6 {1-0/Beliavsky,A-Ehlvest,J/Reykjavik
WCup/1988/})) (12. Qd3 Nxd5 13. exd5 Bf6 14. Rac1 b6 15. b3 Qd7 16. Be5 Bb7 17.
Bxf6 gxf6 18. Rfd1 Rad8 19. d6 Kh8 20. Qe3 Rg8 {Schroter,T-Gyimesi,Z/Gyor-J/
1991/0.5 (44)}) (12. Bc4 Be6 13. Be2 Ne8 14. Qc2 h6 15. Rfd1 Qb6 16. Ne5 Nd6
17. Be3 Rac8 18. f4 Qc7 19. Bf2 g6 20. g4 Bf6 21. Nxg6 fxg6 22. e5 {Varga,
Zo-Afek,Y/Budapest (09)/1991/1-0 (29)}) 12... Qxc7 13. h3 Qb6 (13... Be6 14.
Bxe6 fxe6 15. Qb3 $14) 14. Qc2 Be6 15. Rad1 (15. Bxe6 Qxe6 $10) 15... Rad8 16.
b3 Bxd5 17. exd5 Bf6 {A model position in which black should not have any
serious problems. Progress for white is hard to achieve, since any N move is
met by Bd4.} 18. Rfe1 Qd6 (18... Rd6 19. Ne5) 19. Qe4 Bc3 20. Re2 b6 (20... Bf6
21. Rd3 Rd7 22. Nd2 $13) 21. Qe7 Qb8 (21... a5 $5) 22. Qg5 h6 23. Qc1 Bf6 24.
Rd3 Rd7 25. Qe1 Rfd8 26. Ne5 {The only true way to aim for penetration, since
it prevents the move Bd4.} Rxd5 $2 (26... Bxe5 27. Rxe5 Qa8 28. Qe4 $14) 27.
Rxd5 Rxd5 28. Nd7 $1 Qd6 (28... Rxd7 29. Re8+ $18) 29. Re8+ Kh7 30. Qe4+ (30.
Qe4+ g6 31. Qxd5 $1) 1-0

[Event "URS-ch58"]
[Site "Moscow"]
[Date "1991.??.??"]
[Round "10"]
[White "Vyzmanavin, Alexey"]
[Black "Rublevsky, Sergei"]
[Result "1/2-1/2"]
[WhiteElo "2590"]
[BlackElo "2420"]
[Annotator "Ftacnik,L"]
[PlyCount "73"]
[EventDate "1991.11.??"]
[EventType "swiss"]
[EventRounds "11"]
[EventCountry "URS"]
[SourceTitle "URS-ch"]
[Source "ChessBase"]
[SourceDate "1999.07.01"]
[SourceVersion "1"]
[SourceVersionDate "1999.07.01"]
[SourceQuality "1"]

1. d4 d5 2. c4 dxc4 3. e4 e5 4. Nf3 exd4 5. Bxc4 Bb4+ 6. Nbd2 Nc6 7. O-O Nf6 8.
e5 Nd5 9. a3 {N} (9. Nb3 Nb6 10. Bg5 (10. Bb5) 10... Be7) 9... Be7 (9... Bxd2
10. Bxd2 Nb6 11. Bg5 $14) 10. Qb3 Na5 (10... Be6 11. Qxb7 Na5 12. Bb5+ Kf8 13.
Qa6 $14) 11. Qa4+ Nc6 (11... c6 12. Ba2 b5 13. Qxd4 $16) 12. Nxd4 (12. Bb5 Nb6
13. Bxc6+ bxc6 14. Qxd4 $14) 12... Nb6 13. Nxc6 Nxa4 14. Nxd8 Bxd8 15. f4 (15.
Bb5+ Bd7 16. Bxd7+ Kxd7 17. Nc4 Be7 $10) 15... Nb6 16. Ba2 g6 (16... Be6 17. f5
Bxa2 18. Rxa2 Be7 19. Ne4 $14) 17. Ne4 Be7 (17... Be6 $2 18. Bxe6 fxe6 19. Nc5
$16) 18. Be3 Be6 19. Bxe6 fxe6 20. Rac1 Nd5 21. Bc5 Bxc5+ (21... b6 22. Bxe7
Kxe7 23. Rc6 Kd7 24. Rfc1 Rac8 25. g3 $14) 22. Nxc5 Ke7 23. b4 (23. Nxb7 Rab8
24. Na5 Rxb2 $132) 23... Rhb8 (23... b6 24. Na6 Rac8 25. b5 $14) 24. Rf3 c6 (
24... a5 25. b5 $14) 25. Nb3 (25. g3 a5 $1) 25... Rf8 26. Rcf1 Rf7 27. Na5 Raf8
(27... Rb8 28. Nc4 $14) 28. g3 g5 $1 29. Nxb7 gxf4 30. Nd6 Rg7 31. Kh1 fxg3 32.
hxg3 (32. Rxf8 $4 g2+ 33. Kg1 gxf1=Q+ 34. Kxf1 Kxf8 $19) 32... Rxf3 33. Rxf3
Nb6 34. Kg2 Nd7 35. Nc8+ Kd8 36. Nxa7 Nxe5 37. Re3 {Ftacnik,L} (37. Re3 Rxa7
38. Rxe5 Rxa3 39. Rxe6 $10) 1/2-1/2

[Event "Amsterdam Euwe Memorial"]
[Site "Amsterdam"]
[Date "1991.??.??"]
[Round "7"]
[White "Karpov, Anatoly"]
[Black "Timman, Jan H"]
[Result "1-0"]
[WhiteElo "2725"]
[BlackElo "2630"]
[Annotator "Ftacnik,L"]
[PlyCount "61"]
[EventDate "1991.05.??"]
[EventType "tourn"]
[EventRounds "9"]
[EventCountry "NED"]
[EventCategory "16"]
[SourceTitle "CBM 023"]
[Source "ChessBase"]
[SourceDate "1991.08.01"]
[SourceVersion "1"]
[SourceVersionDate "1991.08.01"]
[SourceQuality "1"]

1. d4 {Salov} d5 2. c4 dxc4 3. e3 e5 4. Bxc4 exd4 5. exd4 Nf6 6. Nf3 Be7 7. O-O
O-O 8. h3 Nbd7 (8... Nc6 {Salov} 9. Nc3 Bf5 (9... Na5 $5 {Salov}) 10. Re1 Na5
11. Bf1 c5 12. dxc5 $16) (8... c5 $5 {Salov} 9. d5 b5 10. Bxb5 Bb7 $132) 9. Nc3
Nb6 10. Bb3 c6 (10... Nbd5 {Salov} 11. Re1 Be6 12. Ng5 Nxc3 13. bxc3 Bxb3 14.
Qxb3 $14 {Vaganian-Tal,Moscow 1982}) 11. Re1 Nfd5 12. Ne4 Bf5 (12... Re8 13.
Bd2 Bf5 14. Ng3 Be6 15. Bc2 Nd7 16. a3 Nf8 17. Bd3 g6 18. Bh6 $14 {Timman,
J-Panno,O/Mar del Plata/1982/}) 13. Ne5 Nd7 (13... Qc7 14. Qf3 Bg6 15. Bd2 $14)
14. Qf3 Nxe5 $6 (14... Bg6 15. Bd2 (15. Nxg6 hxg6 16. Bxd5 cxd5 17. Nc3 Nb6 18.
Bf4 Bb4 $1 $10) 15... Nxe5 16. dxe5 $14) 15. dxe5 (15. Qxf5 Ng6 16. Bd2 Qc8 17.
Qf3) 15... Bg6 (15... Be6 16. Bd2 $14) 16. Bf4 (16. Bd2 Qc7) (16. Rd1 {Salov}
Qc7 (16... Qa5 17. Bxd5 cxd5 18. Nc3 d4 19. Nd5 $36) 17. Bxd5 cxd5 18. Rxd5
Rad8 $44) 16... Qa5 $2 (16... Nxf4 17. Qxf4 Bxe4 18. Rxe4 $14 {xf7} (18. Rxe4 {
Salov} Qc7 19. Rd1 Rad8 20. Rxd8 Bxd8 21. e6 Qxf4 22. Rxf4 g6 23. exf7+ Kg7 {
with quite reasonable drawing chances})) (16... Qb6 $5) 17. Nd6 $1 Bxd6 18.
exd6 Rfe8 $2 (18... Rad8 19. Rad1 Nxf4 20. Qxf4 Qf5 $2 21. Qxf5 Bxf5 22. Re7
Rd7 23. g4 $1 $18) 19. Rxe8+ Rxe8 20. Bxd5 $1 cxd5 (20... Re1+ 21. Rxe1 Qxe1+
22. Kh2 cxd5 23. d7 Qe7 24. Qxd5 Qd8 25. Bg5 $18) (20... Qxd5 21. Qxd5 cxd5 22.
d7 Rd8 23. Re1 $1 f6 24. Re7 Kf8 25. Bd6 $18) 21. d7 Re7 (21... Rd8 22. Qe3 f6
(22... Qb5 23. Bc7 $1) 23. Rc1 Qb5 (23... Rxd7 24. Rc8+ Rd8 25. Bc7 $18) 24.
Qe6+ Bf7 25. Qe7 $18) 22. Rc1 Rxd7 23. Rc8+ Rd8 24. b4 $1 (24. Bc7 $2 Qe1+)
24... Qb6 25. Bc7 Rxc8 26. Bxb6 axb6 27. Qxd5 h6 28. Qxb7 Rc1+ 29. Kh2 Rc2 30.
Qxb6 Rxa2 31. Qd4 {Ftacnik,L} 1-0

[Event "Munich SKA"]
[Site "Munich"]
[Date "1994.06.03"]
[Round "11"]
[White "Nikolic, Predrag"]
[Black "Huebner, Robert"]
[Result "1-0"]
[WhiteElo "2625"]
[BlackElo "2610"]
[Annotator "Ftacnik,L"]
[PlyCount "43"]
[EventDate "1994.05.21"]
[EventType "tourn"]
[EventRounds "11"]
[EventCountry "GER"]
[EventCategory "16"]
[SourceTitle "CBM 042"]
[Source "ChessBase"]
[SourceDate "1994.10.01"]
[SourceVersion "1"]
[SourceVersionDate "1994.10.01"]
[SourceQuality "1"]

1. d4 d5 2. c4 dxc4 3. e4 e5 4. Nf3 Bb4+ 5. Nc3 exd4 6. Nxd4 Ne7 7. Bxc4 Nbc6
8. Be3 Bxc3+ $5 (8... O-O 9. Ndb5 $5 {Vyzhmanavin-Bagirov/Podolsk/1992/} (9. a3
Bxc3+ 10. bxc3 Na5 11. Ba2 b6 12. Qe2 c5 13. Nb5 Ng6 14. Rd1 Qe7 15. O-O Be6
16. Bxe6 fxe6 17. f4 Rad8 $10 {Gelfand,B-Huebner,R/Munich SKA/1994/0.5 (20)}))
9. bxc3 O-O 10. Qh5 $1 (10. O-O Na5) 10... Nxd4 11. cxd4 Ng6 12. O-O Qe7 13.
Bd3 (13. f3 c6 14. Rab1 Be6 $14) 13... b6 14. Rfe1 Bb7 15. e5 {/\ f4-f5} c5 16.
dxc5 bxc5 17. e6 $1 Qxe6 $2 (17... fxe6 $5 18. Bxg6 (18. Bxc5 Qf6 19. Bxf8 Rxf8
20. Qc5 Bxg2 $5 21. Kxg2 Nf4+ $40) 18... hxg6 19. Qxc5 $14) (17... Rfc8 18. Bc4
f6 19. Rad1 $16) 18. Bxc5 Qd7 19. Bxf8 Qxd3 20. Rad1 Qc4 21. Bd6 Qxa2 $2 22.
Qb5 $1 (22. Qb5 $1 Qa6 23. Re8+ Nf8 24. Qxa6 Bxa6 25. Rxa8) 1-0